[Event "Belgrade-chT Quality"]
[Site "Belgrade"]
[Date "2021.11.07"]
[Round "8.3"]
[White "Alimpic, Aleksa"]
[Black "Radivojevic, Tomislav"]
[Result "1/2-1/2"]
[WhiteElo "2221"]
[BlackElo "2140"]
[PlyCount "73"]
[EventDate "2021.10.16"]
[EventType "team-tourn"]
[EventRounds "11"]
[EventCountry "SRB"]
[SourceTitle "EXT 2023"]
[Source "ChessBase"]
[SourceDate "2022.10.05"]
[SourceVersion "1"]
[SourceVersionDate "2022.10.05"]
[SourceQuality "1"]
[WhiteTeam "Belgrade Cirilo i Metodije"]
[BlackTeam "Belgrade Banjica"]
[WhiteTeamCountry "SRB"]
[BlackTeamCountry "SRB"]

1. d4 Nf6 2. Bg5 d6 3. Bxf6 exf6 4. e3 f5 5. c4 Nd7 6. Nc3 Nf6 7. g3 g6 8. Bg2 Bg7 9. Nge2 0-0 10. 0-0 c6 11. b4 Qc7 12. a4 Rb8 13. Nf4 Bd7 14. Qd3 Rfd8 15. Rab1 Be6 16. Rb2 b6 17. b5 c5 18. Bc6 Qc8 19. a5 g5 20. Nfd5 Nxd5 21. cxd5 Bd7 22. axb6 axb6 23. Ra1 f4 24. Ra7 Bf5 25. e4 Bg6 26. dxc5 bxc5 27. Rba2 Qg4 28. f3 Qh3 29. Rg2 Bd4+ 30. Kh1 fxg3 31. Rxg3 Qh4 32. Ne2 Be5 33. Rg2 Qe1+ 34. Rg1 Qf2 35. Rg2 Qe1+ 36. Rg1 Qf2 37. Rg2 1/2-1/2

[Event "SRB-chT2 East CS"]
[Site "Kragujevac"]
[Date "2016.10.07"]
[Round "7.6"]
[White "Radivojevic, Tomislav"]
[Black "Kostic, Tomislav"]
[Result "1/2-1/2"]
[WhiteElo "2171"]
[BlackElo "2043"]
[PlyCount "63"]
[EventDate "2016.08.26"]
[EventType "team-tourn"]
[EventRounds "11"]
[EventCountry "SRB"]
[SourceTitle "EXT 2021"]
[Source "ChessBase"]
[SourceDate "2020.10.23"]
[SourceVersion "1"]
[SourceVersionDate "2020.10.23"]
[SourceQuality "1"]

1. d4 Nf6 2. Nf3 e6 3. c4 Bb4+ 4. Bd2 Qe7 5. Qc2 Nc6 6. a3 Bxd2+ 7. Nbxd2 a5 8. g3 0-0 9. Bg2 d6 10. 0-0 e5 11. d5 Nb8 12. e4 a4 13. Ne1 Bd7 14. Nd3 Na6 15. Rac1 b6 16. Rce1 Nc5 17. f4 Ng4 18. h3 Nh6 19. fxe5 Nxd3 20. Qxd3 Qxe5 21. Qc3 Qxc3 22. bxc3 f6 23. Rf2 Nf7 24. Bf1 Rfe8 25. Rfe2 Re7 26. Re3 Rae8 27. Kf2 Nd8 28. g4 Nb7 29. Bd3 Nc5 30. Bc2 h6 31. Nf3 Ra8 32. Nd4 1/2-1/2

[Event "SRB-chT3 South CS"]
[Site "Serbia"]
[Date "2011.09.11"]
[Round "1"]
[White "Zivkovic, Rajko"]
[Black "Radivojevic, Tomislav"]
[Result "0-1"]
[WhiteElo "2213"]
[BlackElo "2140"]
[PlyCount "48"]
[EventDate "2011.09.11"]
[EventType "team"]
[EventRounds "11"]
[EventCountry "SRB"]
[SourceTitle "EXT 2015"]
[Source "ChessBase"]
[SourceDate "2014.11.20"]
[SourceVersion "1"]
[SourceVersionDate "2014.11.20"]
[SourceQuality "1"]

1. c4 e6 2. Nc3 d5 3. d4 Nf6 4. Nf3 Be7 5. e3 0-0 6. Be2 b6 7. 0-0 Bb7 8. b3 Nbd7 9. Bb2 Re8 10. Rc1 c6 11. Nd2 Rc8 12. e4 dxe4 13. Ncxe4 Nxe4 14. Nxe4 Nf6 15. Bf3 Nxe4 16. Bxe4 Bf6 17. Qf3 Qc7 18. Rfd1 Re7 19. d5 Bxb2 20. d6 Qb8 21. dxe7 Bxc1 22. Bxc6 Bxc6 23. Qxc6 Bg5 24. Qd7 Re8 0-1

[Event "Nis-ch"]
[Site "Nis"]
[Date "2007.06.02"]
[Round "1"]
[White "Djokic, Vladan"]
[Black "Radivojevic, Tomislav"]
[Result "1-0"]
[WhiteElo "2282"]
[BlackElo "1993"]
[PlyCount "85"]
[EventDate "2007.06.02"]
[EventType "swiss"]
[EventRounds "9"]
[EventCountry "SRB"]
[SourceTitle "EXT 2023"]
[Source "ChessBase"]
[SourceDate "2022.10.05"]
[SourceVersion "1"]
[SourceVersionDate "2022.10.05"]
[SourceQuality "1"]

1. c4 e6 2. Nf3 d5 3. b3 Nf6 4. Bb2 Be7 5. g3 0-0 6. Bg2 Nbd7 7. 0-0 c6 8. d3 Qc7 9. Nc3 Re8 10. Rc1 a6 11. Re1 Bb4 12. cxd5 Nxd5 13. e4 Nxc3 14. Bxc3 Bxc3 15. Rxc3 Qa5 16. Qc2 e5 17. d4 exd4 18. Nxd4 Nf6 19. Rd1 Qh5 20. f3 Bh3 21. Bxh3 Qxh3 22. Nf5 g6 23. Nd6 Re7 24. Rcd3 Qe6 25. Nc4 Rd7 26. Rxd7 Nxd7 27. Rd6 Qe7 28. Qd2 Ne5 29. Kg2 Nxc4 30. bxc4 a5 31. Qd4 Re8 32. Kf2 h5 33. h4 a4 34. c5 Qe5 35. Rd8 Qxd4+ 36. Rxd4 Ra8 37. Ke3 Ra5 38. Rc4 Kf8 39. Kd4 Ke7 40. Rb4 Kd7 41. Rxb7+ Ke6 42. Rc7 Ra6 43. a3 1-0